000
00329nam a22001457a 4500
999
_c
8967
_d
8967
003
OSt
008
200714b ||||| |||| 00| 0 eng d
100
_a
Kaushik , Anubha
245
_a
Enviromental Sciences
250
_a
2019
260
_a
New Delhi
_b
New Age
300
_a
213
650
_a
Biology and EVS
942
_2
ddc
_c
BK
_0
1